Online
Catalog

Introducción a la medición psicológica / (Record no. 19284)

MARC details
000 -CABECERA
campo de control de longitud fija 00683nam a2200181 a 4500
001 - NÚMERO DE CONTROL
campo de control 000019770
005 - FECHA Y HORA DE LA ÚLTIMA TRANSACCIÓN
campo de control 20200929170131.0
008 - DATOS DE LONGITUD FIJA--INFORMACIÓN GENERAL
campo de control de longitud fija 100706s1970 ag ad r 000 0 spa d
040 ## - FUENTE DE LA CATALOGACIÓN
Centro catalogador/agencia de origen DO-SdBNP
Lengua de catalogación spa
Centro/agencia transcriptor BNPHU
082 ## - NÚMERO DE LA CLASIFICACIÓN DECIMAL DEWEY
Número de clasificación xxxx
Número de documento/Ítem N972i
049 ## - FONDOS LOCALES (OCLC)
Fondos de biblioteca BNGR
100 1# - ENTRADA PRINCIPAL--NOMBRE DE PERSONA
Nombre de persona Nunnally, Jum C.
9 (RLIN) 42233
245 10 - MENCIÓN DE TÍTULO
Título Introducción a la medición psicológica /
Mención de responsabilidad, etc. Jum C. Nunnally ; traducción Leticia Halperin Donghi.
260 ## - PUBLICACIÓN, DISTRIBUCIÓN, ETC.
Lugar de publicación, distribución, etc. Buenos Aires, Argentina :
Nombre del editor, distribuidor, etc. Centro Regional de Ayuda Técnica : Agencia para el Desarrollo Internacional,
Fecha de publicación, distribución, etc. 1970.
300 ## - DESCRIPCIÓN FÍSICA
Extensión 619 p. :
Otras características físicas il., diag. ;
Dimensiones 23 cm.
500 ## - NOTA GENERAL
Nota general Incluye notas al pie de las páginas.
700 1# - PUNTO DE ACCESO ADICIONAL--NOMBRE DE PERSONA
Nombre de persona Halperin Donghi, Leticia,
Término indicativo de función/relación tr.
9 (RLIN) 6128
Holdings
Estado de retiro Estado de pérdida Restricciones de uso No para préstamo Código de colección Localización permanente Ubicación/localización actual Ubicación en estantería Fecha de adquisición Número de inventario Total de préstamos Signatura topográfica completa Código de barras Fecha visto por última vez Precio válido a partir de Tipo de ítem Koha
        Monografías: Libros y Folletos General General En catalogación 06.07.2010 LF1   xxxx N972i 19770-10 25.06.2020 25.06.2020 Préstamo en sala

Powered by Koha